000 00472nam a2200157 i 4500
001 87874
003 ES-MaACL
005 20230906175745.0
007 t|
008 041227s1969 sp ||||1| spa d
100 1 _aLacomba, Juan Antonio.
_969377
245 1 0 _aIntroducción a la historia económica de la España Contemporánea /
_cJuan Antonio Lacomba.
260 _a[Madrid] :
_bGuadiana,
_c[1969]
300 _a492 p. ;
_c24 cm.
852 _aES-MaACL
_jC-37851
_bR.71977
999 _c87874
_d87874